[Event "St Louis Spring Classic B"]
[Site "Saint Louis USA"]
[Date "2017.05.16"]
[Round "1.3"]
[White "Belous, Vladimir"]
[Black "Fier, Alexandr"]
[Result "1/2-1/2"]
[WhiteTitle "GM"]
[BlackTitle "GM"]
[WhiteElo "2587"]
[BlackElo "2569"]
[WhiteFideId "4174003"]
[BlackFideId "2107139"]
[EventDate "2017.05.16"]

1. d4 Nf6 2. c4 g6 3. Nc3 Bg7 4. e4 O-O 5. Nf3 d6 6. Be2 e5 7. d5 a5 8. Bg5 Na6
9. Nd2 Nc5 10. b3 Bd7 11. Qc2 h6 12. Bh4 c6 13. O-O Qb8 14. a3 cxd5 15. cxd5 Rc8
16. Bxf6 Bxf6 17. Bb5 Bxb5 18. Nxb5 a4 19. Qd1 axb3 20. Nxb3 Bg5 21. Nxc5 Rxc5
22. Rb1 Qd8 23. Qb3 Rac8 24. Na7 R8c7 25. Qb6 Rd7 26. Qxd8+ Bxd8 27. Rfc1 Bb6
28. Nb5 f5 29. Rxc5 Bxc5 30. exf5 gxf5 31. g3 Kf7 32. Kf1 Kf6 33. f3 h5 34. a4
b6 35. Ra1 Rg7 36. Kg2 Rg8 37. Rc1 Ra8 38. Rc4 Re8 39. Nc7 Rg8 40. Ne6 Ra8 41.
Rh4 Be3 42. Rc4 Bc5 43. Rh4 Be3 44. Rc4 1/2-1/2

[Event "St Louis Spring Classic B"]
[Site "Saint Louis USA"]
[Date "2017.05.16"]
[Round "1.4"]
[White "Chandra, Akshat"]
[Black "Ali Marandi, Cemil Can"]
[Result "1/2-1/2"]
[WhiteTitle "GM"]
[BlackTitle "IM"]
[WhiteElo "2495"]
[BlackElo "2479"]
[WhiteFideId "25006711"]
[BlackFideId "6300529"]
[EventDate "2017.05.16"]

1. Nf3 d5 2. g3 g6 3. Bg2 Bg7 4. d4 Nh6 5. O-O O-O 6. Nbd2 Nf5 7. c3 Nd6 8. Re1
b6 9. e4 dxe4 10. Nxe4 Nxe4 11. Rxe4 Bb7 12. Re1 Nd7 13. Bg5 Nf6 14. Qe2 h6 15.
Bf4 e6 16. Rad1 Qc8 17. c4 Rd8 18. Be5 c5 19. b3 Ne8 20. Rd3 cxd4 21. Bxg7 Nxg7
22. Qd2 h5 23. Rxd4 Nf5 24. Rxd8+ Qxd8 25. Rd1 Qxd2 26. Rxd2 Bxf3 27. Bxf3 Re8
28. Be4 Re7 29. Kf1 Kg7 30. Bxf5 exf5 31. Rd6 Kf8 32. Rd8+ Kg7 33. Rd6 Kf8 34.
Rd4 Ke8 35. b4 Re6 36. h4 Ke7 37. Rd3 Re4 38. Ra3 a5 39. bxa5 bxa5 40. Rxa5 Rxc4 1/2-1/2

[Event "St Louis Spring Classic B"]
[Site "Saint Louis USA"]
[Date "2017.05.18"]
[Round "3.3"]
[White "Chandra, Akshat"]
[Black "Lenderman, Aleksandr"]
[Result "1/2-1/2"]
[WhiteTitle "GM"]
[BlackTitle "GM"]
[WhiteElo "2495"]
[BlackElo "2587"]
[WhiteFideId "25006711"]
[BlackFideId "2021285"]
[EventDate "2017.05.16"]

1. d4 d5 2. c4 c6 3. cxd5 cxd5 4. Bf4 Nf6 5. Nc3 Nc6 6. e3 a6 7. Bd3 Bg4 8. Nge2
e6 9. O-O Bd6 10. f3 Bh5 11. Rc1 Bg6 12. Na4 Bxd3 13. Qxd3 Bxf4 14. Nxf4 O-O 15.
Nc5 Qe7 16. Qd2 Rfd8 17. Nfd3 Rac8 18. Rc3 Ne8 19. Na4 Na7 20. Rfc1 Nd6 21. Nb6
Rxc3 22. Qxc3 h6 23. Ne5 Nac8 24. Nxc8 Rxc8 25. Qe1 Qe8 26. b3 Nf5 27. Kf2 Qd8
28. g3 Nd6 29. Nd3 Rxc1 30. Qxc1 Qa5 31. Qc2 g6 32. Ke2 Kg7 33. Qd2 Qd8 34. Qb4
h5 35. Ne5 Nb5 36. a4 Nd6 37. Qc5 Nf5 38. Qc3 Qb6 39. Nd3 Nd6 40. Qb4 Qxb4 1/2-1/2

[Event "St Louis Spring Classic B"]
[Site "Saint Louis USA"]
[Date "2017.05.19"]
[Round "4.3"]
[White "Lenderman, Aleksandr"]
[Black "Gelashvili, Tamaz"]
[Result "1/2-1/2"]
[WhiteTitle "GM"]
[BlackTitle "GM"]
[WhiteElo "2587"]
[BlackElo "2563"]
[WhiteFideId "2021285"]
[BlackFideId "13600702"]
[EventDate "2017.05.16"]

1. d4 b5 2. e4 a6 3. Nf3 Bb7 4. Bd3 e6 5. O-O c5 6. c3 d5 7. exd5 Bxd5 8. Bg5
Nf6 9. a4 c4 10. Be2 Nbd7 11. Ne5 Nxe5 12. dxe5 h6 13. Bh4 g5 14. exf6 gxh4 15.
Bf3 Qxf6 16. Bxd5 exd5 17. axb5 Qf5 18. Re1+ Kd7 19. Nd2 Bc5 20. Nf3 Rae8 21.
Rxe8 Rxe8 22. bxa6 Kc7 23. Nd4 Qe4 24. h3 Bxd4 25. cxd4 Rg8 26. f3 Qe3+ 27. Kf1
Kb8 28. Ra5 Qg5 29. Qe2 Ka7 30. Qc2 Re8 31. Ra1 Qe3 32. Qf5 Qe6 33. Qh5 Rb8 34.
Qxh4 Rxb2 35. Re1 Qd6 36. Re7+ Kxa6 37. Rxf7 Rb1+ 38. Kf2 Rb2+ 39. Kf1 Rb1+ 40.
Kf2 Rb2+ 1/2-1/2

[Event "St Louis Spring Classic B"]
[Site "Saint Louis USA"]
[Date "2017.05.21"]
[Round "6.2"]
[White "Lenderman, Aleksandr"]
[Black "Ali Marandi, Cemil Can"]
[Result "1/2-1/2"]
[WhiteTitle "GM"]
[BlackTitle "IM"]
[WhiteElo "2587"]
[BlackElo "2479"]
[WhiteFideId "2021285"]
[BlackFideId "6300529"]
[EventDate "2017.05.16"]

1. d4 d5 2. c4 c6 3. Nf3 Nf6 4. Qc2 g6 5. Bf4 Bg7 6. e3 O-O 7. Nc3 Na6 8. Qb3
Nc7 9. Be2 dxc4 10. Bxc4 Ncd5 11. Be5 Nb6 12. Be2 Be6 13. Qc2 Bc4 14. O-O Bxe2
15. Nxe2 Nbd7 16. Bg3 Qb6 17. Nc3 Rfc8 18. Na4 Qb5 19. Rfc1 Nh5 20. Nc5 Nxc5 21.
Qxc5 Qxc5 22. Rxc5 Nf6 23. Rc2 Ne4 24. Bf4 Rd8 25. Ne1 g5 26. Bc7 Rd7 27. Ba5 e5
28. f3 Nd6 29. dxe5 Nf5 30. e4 Ne7 31. Rd2 Rxd2 32. Bxd2 h6 33. Bc3 Rd8 1/2-1/2

[Event "St Louis Spring Classic B"]
[Site "Saint Louis USA"]
[Date "2017.05.21"]
[Round "6.3"]
[White "Chirila, Ioan-Cristian"]
[Black "Liang, Awonder"]
[Result "1/2-1/2"]
[WhiteTitle "GM"]
[BlackTitle "IM"]
[WhiteElo "2536"]
[BlackElo "2488"]
[WhiteFideId "1211668"]
[BlackFideId "2056437"]
[EventDate "2017.05.16"]

1. c4 e5 2. g3 Nf6 3. Bg2 c6 4. Nf3 e4 5. Nd4 Qb6 6. e3 d5 7. Nc3 Bb4 8. cxd5
cxd5 9. Qb3 Bxc3 10. bxc3 O-O 11. c4 dxc4 12. Qxc4 Nc6 13. Nxc6 bxc6 14. Qb3 Be6
15. Qxb6 axb6 16. Bb2 Bd5 17. a4 Nd7 18. Bd4 Ra5 19. Bc3 Ra7 20. O-O Rfa8 21. d3
exd3 22. Bxd5 cxd5 23. Rfd1 Nc5 24. Bd4 Nb3 25. Rab1 Nxd4 26. exd4 Rxa4 27. Rxd3
Ra1 28. Rb3 Rxb1+ 29. Rxb1 Rb8 30. Rb5 f6 31. Kf1 Kf7 32. Rxd5 b5 33. Ke2 b4 34.
Kd2 b3 35. Kc1 Ke6 36. Rc5 b2+ 37. Kb1 Kd6 38. Rc2 Rb4 39. Rxb2 Rxd4 40. Rb7
Rd1+ 1/2-1/2

[Event "St Louis Spring Classic B"]
[Site "Saint Louis USA"]
[Date "2017.05.21"]
[Round "6.5"]
[White "Belous, Vladimir"]
[Black "Chandra, Akshat"]
[Result "1/2-1/2"]
[WhiteTitle "GM"]
[BlackTitle "GM"]
[WhiteElo "2587"]
[BlackElo "2495"]
[WhiteFideId "4174003"]
[BlackFideId "25006711"]
[EventDate "2017.05.16"]

1. Nf3 Nf6 2. c4 e6 3. g3 d5 4. Bg2 dxc4 5. Qa4+ Bd7 6. Qxc4 c5 7. Nc3 Bc6 8. e4
Nbd7 9. O-O Be7 10. e5 Nd5 11. Qg4 g6 12. Nxd5 Bxd5 13. d4 h5 14. Qf4 c4 15. h4
b5 16. a4 a6 17. Bd2 b4 18. a5 Rb8 19. Rfc1 Rb5 20. Ng5 Bxg5 21. Qxg5 Qxg5 22.
Bxg5 Nb8 23. Bf6 Rf8 24. Bf1 Kd7 25. Rxc4 Bxc4 26. Bxc4 Rd5 27. Bxd5 exd5 28.
Bg5 Rc8 29. Rd1 Rc2 30. Rd3 Nc6 31. Rb3 Ke8 32. Kg2 Rc4 33. Rf3 Nxd4 34. Rd3 b3
35. Bf6 Ra4 36. e6 Nc6 37. Rxd5 fxe6 38. Rd6 Kf7 39. Bc3 Rc4 40. Rd7+ Ke8 41.
Rb7 Nd4 42. Bxd4 Rxd4 43. Rxb3 Ra4 44. Rb8+ Kf7 45. b4 Ra3 46. Rb6 Rb3 47. Rxa6
Rxb4 48. Rb6 Ra4 49. Rb5 Kf6 50. f4 Ra2+ 51. Kf1 Ra3 52. Rg5 Kg7 53. Ke2 Kh6 54.
Kd2 e5 55. Rxe5 Rxg3 56. Kc2 Rf3 57. a6 Ra3 58. Re6 Kg7 59. Rc6 Ra4 60. Kb3 Rxf4
61. a7 Rf8 62. Ra6 Ra8 63. Kb4 g5 64. hxg5 h4 65. Kb5 h3 66. Kb6 h2 67. Ra1 Re8
68. Rh1 Re6+ 69. Ka5 Re5+ 70. Kb4 Re4+ 71. Kb3 Re3+ 72. Kb2 Re8 73. Rxh2 Ra8 74.
g6 Kxg6 75. Rh3 Rxa7 76. Ra3 1/2-1/2

[Event "St Louis Spring Classic B"]
[Site "Saint Louis USA"]
[Date "2017.05.22"]
[Round "7.1"]
[White "Chandra, Akshat"]
[Black "Abdumalik, Zhansaya"]
[Result "1-0"]
[WhiteTitle "GM"]
[BlackTitle "IM"]
[WhiteElo "2495"]
[BlackElo "2420"]
[WhiteFideId "25006711"]
[BlackFideId "13703544"]
[EventDate "2017.05.16"]

1. e4 e5 2. Nf3 Nc6 3. Bb5 Nf6 4. d3 Bc5 5. O-O d6 6. Nbd2 O-O 7. Bxc6 bxc6 8.
h3 Re8 9. Re1 a5 10. Nf1 Nh5 11. Nxe5 Rxe5 12. d4 Bxd4 13. Qxd4 c5 14. Qd1 Qf6
15. Bd2 Qg6 16. Kh2 Bb7 17. f3 f5 18. exf5 Rxf5 19. Qe2 Bd5 20. Qd3 c4 21. Qd4
c3 22. bxc3 Raf8 23. Qg4 Qf7 24. Ne3 Re5 25. c4 Be6 26. Qd4 c5 27. Qh4 Nf4 28.
Qg3 Bxh3 29. gxh3 Rh5 30. h4 Qf6 31. Ng2 Ne2 32. Qg4 Rf5 33. f4 Nd4 34. Bc3 h5
35. Qg3 Qf7 36. Bxd4 cxd4 37. Rad1 Qf6 38. Re4 d5 39. Rexd4 dxc4 40. Rxc4 1-0

[Event "St Louis Spring Classic B"]
[Site "Saint Louis USA"]
[Date "2017.05.22"]
[Round "7.2"]
[White "Gelashvili, Tamaz"]
[Black "Belous, Vladimir"]
[Result "1-0"]
[WhiteTitle "GM"]
[BlackTitle "GM"]
[WhiteElo "2563"]
[BlackElo "2587"]
[WhiteFideId "13600702"]
[BlackFideId "4174003"]
[EventDate "2017.05.16"]

1. e4 c5 2. b3 Nc6 3. Bb2 d6 4. Bb5 Nf6 5. Bxc6+ bxc6 6. d3 g6 7. e5 dxe5 8.
Bxe5 Qd5 9. Nf3 Bg4 10. Nbd2 Bh6 11. Nc4 O-O 12. O-O Nh5 13. h3 Bc8 14. Ne3 Qd8
15. Ng4 Bg7 16. Bxg7 Kxg7 17. Qd2 f6 18. Rae1 e5 19. Qh6+ Kg8 20. Ngxe5 fxe5 21.
Ng5 Qc7 22. Rxe5 Qg7 23. Qxg7+ Nxg7 24. Rxc5 Rf5 25. Ne4 Rxc5 26. Nxc5 Ne6 27.
Nxe6 Bxe6 28. Re1 Kf7 29. Re5 a5 30. Rc5 Ra6 31. a4 Ke7 32. f3 Kd6 33. d4 Bf5
34. Kf2 Ra8 35. Ke3 h5 36. g4 hxg4 37. hxg4 Be6 38. Rg5 Bf7 39. f4 Rh8 40. Rxa5
Rh3+ 41. Kd2 Rh2+ 42. Kc1 Bd5 43. c4 Be4 44. Re5 Bc2 45. Re3 Kc7 46. a5 Rf2 47.
d5 Bxb3 48. Rxb3 Rxf4 49. Kb2 Rxg4 50. a6 cxd5 51. cxd5 Rg2+ 52. Ka3 Rg1 53. Ka4
Ra1+ 54. Ra3 Rd1 55. Kb4 Kb8 56. Kc5 g5 57. Ra4 Rc1+ 58. Kd6 Ka7 59. Ke5 Re1+
60. Kf5 Rd1 61. Ke6 Re1+ 62. Kd7 Rg1 63. d6 g4 64. Ra5 g3 65. Ra3 Rg2 66. Rc3
Kb6 67. Kc8 Rd2 68. d7 g2 69. Rc1 1-0

[Event "St Louis Spring Classic B"]
[Site "Saint Louis USA"]
[Date "2017.05.22"]
[Round "7.3"]
[White "Liang, Awonder"]
[Black "Paikidze, Nazi"]
[Result "1-0"]
[WhiteTitle "IM"]
[BlackTitle "IM"]
[WhiteElo "2488"]
[BlackElo "2372"]
[WhiteFideId "2056437"]
[BlackFideId "13603620"]
[EventDate "2017.05.16"]

1. e4 c6 2. Nc3 d5 3. Nf3 dxe4 4. Nxe4 Nf6 5. Nxf6+ exf6 6. Bc4 Bd6 7. Qe2+ Qe7
8. Qxe7+ Kxe7 9. O-O Rd8 10. d4 Bf5 11. c3 Kf8 12. Re1 g5 13. Bf1 Nd7 14. Bd2
Re8 15. c4 Be4 16. Bc3 Bxf3 17. gxf3 Kg7 18. c5 Bc7 19. Bc4 a5 20. a3 a4 21. Re4
f5 22. Rxe8 Rxe8 23. Bd3 Kg6 24. Bc2 b5 25. cxb6 Nxb6 26. Re1 Rxe1+ 27. Bxe1 Bf4
28. b3 Nd5 29. bxa4 Bb8 30. a5 Ba7 31. Ba4 Nf4 32. Bxc6 Ne2+ 33. Kf1 Nxd4 34.
Bd5 Nc2 35. Bd2 Nxa3 36. Be3 Nb5 37. Bxa7 Nxa7 38. Ke2 Kf6 39. Kd3 Ke5 40. Kc4
Kd6 41. Bxf7 h6 42. Bd5 Nc8 43. f4 gxf4 44. Bb7 Ne7 45. a6 Kc7 46. Kc5 f3 47. h4
f4 48. h5 Ng8 49. Bxf3 Nf6 50. a7 Nd7+ 51. Kd4 1-0

[Event "St Louis Spring Classic B"]
[Site "Saint Louis USA"]
[Date "2017.05.22"]
[Round "7.4"]
[White "Ali Marandi, Cemil Can"]
[Black "Chirila, Ioan-Cristian"]
[Result "1/2-1/2"]
[WhiteTitle "IM"]
[BlackTitle "GM"]
[WhiteElo "2479"]
[BlackElo "2536"]
[WhiteFideId "6300529"]
[BlackFideId "1211668"]
[EventDate "2017.05.16"]

1. d4 Nf6 2. c4 e6 3. g3 c5 4. d5 exd5 5. cxd5 d6 6. Bg2 g6 7. Nf3 Bg7 8. Nc3
O-O 9. O-O Nbd7 10. Bf4 Qe7 11. Qd2 Ng4 12. Rfe1 a6 13. a4 Re8 14. Rab1 Nb6 15.
e4 Nc4 16. Qc2 Bd7 17. Bg5 Qf8 18. h3 Nge5 19. Nxe5 Nxe5 20. Kh2 c4 21. a5 Rac8
22. Na4 Nd3 23. Re2 Nb4 24. Qd1 Rc7 25. Be3 Nd3 26. Nc3 f5 27. f4 fxe4 28. Bb6
Rcc8 29. Nxe4 Bf5 30. Ng5 Nxf4 31. gxf4 Bxb1 32. Ne6 Qf5 33. Qa4 Bd3 34. Rf2
Rxe6 35. dxe6 Qxe6 36. Bxb7 Rf8 37. Qc6 g5 38. Qg2 Qg6 39. Bxa6 Rxf4 40. Qd5+
Kf8 41. Qa8+ Kf7 42. Qb7+ Ke6 43. Qc8+ Ke5 44. Qd7 Qf6 45. Qb5+ d5 46. Bc7+ Kd4
47. Qb6+ Ke4 48. Bxf4 gxf4 49. Bc8 f3 50. Qxf6 Bxf6 51. Bg4 Be2 52. a6 Be5+ 53.
Kh1 Bb8 54. Rxe2+ fxe2 55. Bxe2 Ke3 56. Bg4 d4 57. Be6 1/2-1/2

[Event "St Louis Spring Classic B"]
[Site "Saint Louis USA"]
[Date "2017.05.22"]
[Round "7.5"]
[White "Fier, Alexandr"]
[Black "Lenderman, Aleksandr"]
[Result "1/2-1/2"]
[WhiteTitle "GM"]
[BlackTitle "GM"]
[WhiteElo "2569"]
[BlackElo "2587"]
[WhiteFideId "2107139"]
[BlackFideId "2021285"]
[EventDate "2017.05.16"]

1. d4 Nf6 2. c4 e6 3. Nc3 Bb4 4. e3 O-O 5. Ne2 d5 6. a3 Be7 7. cxd5 exd5 8. Nf4
c6 9. Bd3 Nbd7 10. O-O Re8 11. f3 Nf8 12. Bc2 Ng6 13. e4 Nxf4 14. Bxf4 Be6 15.
Bg5 dxe4 16. fxe4 Bc4 17. Rf3 Nd7 18. Bxe7 Qxe7 19. e5 f6 20. Rh3 g6 21. Rg3 Kh8
22. b3 Bg8 23. exf6 Nxf6 24. Qd2 Rad8 25. b4 Qg7 26. Rd1 Be6 27. h3 Nd5 28. Nxd5
Bxd5 29. Re3 Re6 30. Rxe6 Bxe6 31. Qe3 Qf6 32. Rd2 Bg8 33. Bd1 Kg7 34. Bf3 Bd5
35. Bg4 Bc4 36. Bf3 Bd5 37. Bg4 Bc4 38. Bf3 Rd7 39. Qc3 Bd5 40. Bxd5 Rxd5 41.
Qe3 a6 42. Kh1 Rd7 43. Rd1 Re7 44. Qg3 Qe6 45. Qc3 Kg8 46. Qc5 Qe2 47. Qc1 Re3
48. d5 cxd5 49. Kh2 Rf3 50. Re1 Qf2 51. Re7 Rf7 52. Qc8+ Kg7 53. Qxb7 Qf4+ 54.
Kh1 Rxe7 55. Qxe7+ Kh6 56. a4 d4 57. Qe2 Qc1+ 58. Kh2 Qc7+ 59. Kg1 Qd6 60. b5
axb5 61. axb5 d3 62. Qd2+ Kg7 63. Kh1 Qd4 64. b6 Qxb6 1/2-1/2

[Event "St Louis Spring Classic B"]
[Site "Saint Louis USA"]
[Date "2017.05.23"]
[Round "8.2"]
[White "Chirila, Ioan-Cristian"]
[Black "Fier, Alexandr"]
[Result "1/2-1/2"]
[WhiteTitle "GM"]
[BlackTitle "GM"]
[WhiteElo "2536"]
[BlackElo "2569"]
[WhiteFideId "1211668"]
[BlackFideId "2107139"]
[EventDate "2017.05.16"]

1. c4 Nf6 2. Nc3 g6 3. d4 Bg7 4. e4 O-O 5. Be2 d6 6. Bg5 c5 7. d5 e6 8. Nf3 exd5
9. cxd5 h6 10. Bh4 g5 11. Bg3 Nh5 12. Nd2 Nxg3 13. hxg3 Nd7 14. Nc4 Qf6 15. O-O
Rb8 16. Ne3 b5 17. Bxb5 a6 18. Bxd7 Bxd7 19. Qc2 Rb4 20. Rac1 Rfb8 21. b3 Qxc3
22. Qxc3 Bxc3 23. Rxc3 Bb5 24. Rfc1 Rxe4 25. Nf5 Rb6 26. Nxh6+ Kg7 27. Re3 Rxe3
28. Nf5+ Kf6 29. Nxe3 a5 30. f4 a4 31. Kf2 axb3 32. axb3 Ra6 33. Kf3 Ra3 34. Rb1
Kg6 35. Rb2 Bd3 1/2-1/2

[Event "St Louis Spring Classic B"]
[Site "Saint Louis USA"]
[Date "2017.05.23"]
[Round "8.3"]
[White "Paikidze, Nazi"]
[Black "Ali Marandi, Cemil Can"]
[Result "1/2-1/2"]
[WhiteTitle "IM"]
[BlackTitle "IM"]
[WhiteElo "2372"]
[BlackElo "2479"]
[WhiteFideId "13603620"]
[BlackFideId "6300529"]
[EventDate "2017.05.16"]

1. d4 f5 2. g3 Nf6 3. Bg2 g6 4. c4 Bg7 5. Nf3 O-O 6. O-O d6 7. Nc3 c6 8. Rb1 Qc7
9. d5 e5 10. dxe6 Bxe6 11. Bf4 Rd8 12. c5 Ne8 13. Ng5 Bf7 14. Nb5 Qd7 15. cxd6
Na6 16. Nc7 Naxc7 17. dxc7 Nxc7 18. Qxd7 Rxd7 19. Nxf7 Kxf7 20. Bxc7 Rxc7 21.
Rfd1 Ke7 22. e3 Rd8 23. Rxd8 Kxd8 24. Kf1 Rd7 25. Ke2 Kc7 26. b3 Kb6 27. Rc1 a5
28. Rc4 Bf8 29. a4 Bb4 30. Rd4 Rxd4 31. exd4 1/2-1/2

[Event "St Louis Spring Classic B"]
[Site "Saint Louis USA"]
[Date "2017.05.23"]
[Round "8.4"]
[White "Belous, Vladimir"]
[Black "Liang, Awonder"]
[Result "1/2-1/2"]
[WhiteTitle "GM"]
[BlackTitle "IM"]
[WhiteElo "2587"]
[BlackElo "2488"]
[WhiteFideId "4174003"]
[BlackFideId "2056437"]
[EventDate "2017.05.16"]

1. c4 e5 2. g3 Nf6 3. Bg2 c6 4. Nc3 d5 5. cxd5 cxd5 6. Qb3 Nc6 7. d3 Be6 8. Bg5
Bb4 9. a3 Ba5 10. Kf1 Bxc3 11. bxc3 Qd7 12. Nf3 O-O 13. Bxf6 gxf6 14. Kg1 Kh8
15. h3 Rg8 16. Kh2 f5 17. Rab1 b6 18. c4 dxc4 19. dxc4 e4 20. Qc3+ Rg7 21. Rhd1
Qc7 22. Nd4 Nxd4 23. Rxd4 Rag8 24. e3 h5 25. h4 Kh7 26. Kg1 Rg4 27. Rd2 R4g6 28.
Rd4 Rg4 29. a4 Qe5 30. Rd3 Qxc3 31. Rxc3 Rc8 32. a5 Rgg8 33. axb6 axb6 34. Bf1
Rc6 35. Be2 Kg6 36. Rcb3 Rb8 37. Rb4 f6 38. R1b2 Rbc8 39. Rxb6 Rxb6 40. Rxb6
Bxc4 41. Bxc4 Rxc4 42. Kg2 Rc2 43. Rd6 Rc1 44. Rb6 Rc2 45. Rd6 Rc1 46. Rb6 Rc2
47. Rd6 1/2-1/2

[Event "St Louis Spring Classic B"]
[Site "Saint Louis USA"]
[Date "2017.05.23"]
[Round "8.5"]
[White "Chandra, Akshat"]
[Black "Gelashvili, Tamaz"]
[Result "1/2-1/2"]
[WhiteTitle "GM"]
[BlackTitle "GM"]
[WhiteElo "2495"]
[BlackElo "2563"]
[WhiteFideId "25006711"]
[BlackFideId "13600702"]
[EventDate "2017.05.16"]

1. e4 c5 2. Nf3 d6 3. Bb5+ Nd7 4. c3 a6 5. Ba4 Nf6 6. Qe2 b5 7. Bc2 Bb7 8. O-O
e5 9. d4 Be7 10. Rd1 Qc7 11. d5 c4 12. a4 O-O 13. Na3 Qb6 14. Be3 Nc5 15. Nd2
Nfd7 16. b4 cxb3 17. Nxb3 Rfc8 18. axb5 Qd8 19. Nxc5 Nxc5 20. f3 axb5 21. Nxb5
Ba6 22. c4 Bxb5 23. cxb5 Rab8 24. Rdb1 Bg5 25. Bf2 Qc7 26. Bd3 Bd8 27. Qd1 Qe7
28. Bf1 Bb6 29. g3 g6 30. Bh3 Rc7 31. Ra2 Kg7 32. Qd2 Ra7 33. Rxa7 Qxa7 34. Kh1
Qa4 35. Bxc5 Bxc5 36. Bd7 Qa7 37. Bc6 Qe7 38. Qd3 h5 39. Kg2 h4 40. Qd2 Qf6 41.
Bd7 Qd8 42. Bc6 Qe7 43. f4 hxg3 44. hxg3 exf4 45. Qxf4 f5 46. Rh1 Qxe4+ 47. Qxe4
fxe4 48. Rh4 e3 49. Kf3 Rf8+ 50. Rf4 Rf5 51. Rxf5 gxf5 1/2-1/2

[Event "St Louis Spring Classic B"]
[Site "Saint Louis USA"]
[Date "2017.05.24"]
[Round "9.2"]
[White "Liang, Awonder"]
[Black "Chandra, Akshat"]
[Result "1/2-1/2"]
[WhiteTitle "IM"]
[BlackTitle "GM"]
[WhiteElo "2488"]
[BlackElo "2495"]
[WhiteFideId "2056437"]
[BlackFideId "25006711"]
[EventDate "2017.05.16"]

1. e4 e5 2. Nf3 Nc6 3. Bb5 Nf6 4. d3 Bc5 5. Bxc6 dxc6 6. Qe2 Qe7 7. Be3 Bxe3 8.
fxe3 O-O 9. Nc3 b5 10. O-O a5 11. a4 b4 12. Nd1 c5 13. b3 Ne8 14. Nb2 Nd6 15.
Nd2 Be6 16. Nbc4 Bxc4 17. Nxc4 Nxc4 18. dxc4 Rad8 19. Rad1 Rxd1 20. Rxd1 Rd8 21.
Rxd8+ Qxd8 22. g3 g6 23. Kg2 h5 24. h4 Kf8 25. Qd3 Qxd3 26. cxd3 Ke7 27. Kf3 Ke6
28. Kf2 Kd6 29. Kf3 Ke6 30. Kf2 Kd6 31. Kf3 1/2-1/2

[Event "St Louis Spring Classic B"]
[Site "Saint Louis USA"]
[Date "2017.05.24"]
[Round "9.4"]
[White "Fier, Alexandr"]
[Black "Paikidze, Nazi"]
[Result "1/2-1/2"]
[WhiteTitle "GM"]
[BlackTitle "IM"]
[WhiteElo "2569"]
[BlackElo "2372"]
[WhiteFideId "2107139"]
[BlackFideId "13603620"]
[EventDate "2017.05.16"]

1. c4 Nf6 2. Nc3 e6 3. e4 d5 4. e5 d4 5. exf6 dxc3 6. bxc3 Qxf6 7. Nf3 e5 8. d4
Nc6 9. Nxe5 Nxe5 10. Qe2 Bf5 11. Bf4 O-O-O 12. Qxe5 Qxe5+ 13. Bxe5 c5 14. Rd1 f6
15. Bf4 cxd4 16. Rxd4 Bc5 17. Rxd8+ Rxd8 18. Be2 Re8 19. Kf1 g5 20. Bc1 h5 21.
h3 h4 22. g4 Be4 23. Rh2 Re6 24. f3 Rb6 25. Kg2 Rb1 26. Rh1 Bc6 27. Rd1 Ra1 28.
Kf1 Rxa2 29. f4 Bg2+ 30. Kxg2 Rxe2+ 31. Kf3 Rh2 32. fxg5 fxg5 33. Bxg5 Rxh3+ 34.
Ke4 Rxc3 35. Bf6 Rxc4+ 36. Kd5 Rxg4 37. Kxc5 h3 38. Rd8+ Kc7 39. Rh8 b6+ 40. Kb5
Rg1 41. Rxh3 Rb1+ 42. Ka6 Kc6 43. Rh2 Rb5 44. Bc3 Rf5 45. Kxa7 Kc5 46. Ka6 Kc4
47. Be1 b5 48. Rh4+ Kd3 49. Bb4 Re5 50. Ka5 Rd5 51. Rh8 Ke4 52. Rc8 Kd4 53. Bc3+
Kd3 54. Kb4 Ke4 55. Re8+ Kd3 56. Bg7 Rd7 57. Bf8 Rb7 58. Bc5 Kd2 59. Re6 Kd3 60.
Bb6 Rh7 61. Re3+ Kd2 62. Kxb5 Rh4 63. Ra3 Re4 64. Bc5 Kc2 65. Rf3 Rg4 66. Bb4
Re4 67. Kc5 Rh4 68. Bc3 Re4 69. Bd4 Re2 70. Kc4 Kd1 71. Ra3 Kc2 72. Be3 Kd1 73.
Kd4 Rc2 74. Kd3 Rd2+ 75. Ke4 Rc2 76. Kf3 Rc8 77. Ra1+ Kc2 78. Ke2 Rd8 79. Ra5
Rc8 80. Bd4 Rc6 81. Rb5 Rc4 82. Ke3 Ra4 83. Rb2+ Kc1 84. Bc3 Rh4 85. Rd2 Rh3+
86. Kd4 Rh4+ 87. Kd3 Rh3+ 88. Kc4 Rh7 89. Rg2 Kd1 90. Kb3 Rd7 91. Rh2 Rd8 92.
Kc4 Rg8 93. Be5 Re8 94. Bd4 Re2 95. Rh3 Kc2 96. Ra3 Kd1 97. Be3 Rc2+ 98. Kd3
Rd2+ 99. Ke4 Rc2 100. Kf3 Rc8 101. Ra2 Rf8+ 102. Bf4 Rd8 103. Bg5 Rd5 104. Be3
Rd8 105. Ke4 Rb8 106. Rd2+ Ke1 107. Rh2 Kd1 108. Kf3 Rd8 109. Ke4 Ra8 110. Bc5
Rd8 111. Bd4 Ra8 112. Kd3 1/2-1/2